| 000 | 00833nam a2200229 i 4500 | ||
|---|---|---|---|
| 001 | 75538 | ||
| 003 | ES-MaACL | ||
| 005 | 20250814031822.0 | ||
| 007 | t| | ||
| 008 | 040924s1950 sp ||||1| spa d | ||
| 080 | _a502(02) | ||
| 100 | 1 |
_aGrew, E. S. _959963 |
|
| 245 | 1 | 0 |
_aHistoria natural de la creación : _bla tierra y los minerales, las plantas, los animales / _cE.S. Grew, G.F. Scott Elliot, C.A. Ealand ; traducción y adaptación de José Mª Borrás. |
| 260 |
_aBarcelona : _bAve, _c[1950] ( _fSociedad General de Publicaciones) |
||
| 300 |
_a638 p., 110 lám. ; _c23 cm. |
||
| 650 | 7 |
_aCiencias naturales _2embne _910984 |
|
| 700 | 1 |
_aScott Elliot, G. F. _9104961 |
|
| 700 | 1 |
_aEaland, C. A. _946434 |
|
| 700 | 1 |
_aBorrás i Codina, Josep M. _930565 |
|
| 852 |
_aES-MaACL _jD-7768 |
||
| 999 |
_c75538 _d75538 |
||